Phantom gardener / (Record no. 5978)

MARC details
000 -LEADER
fixed length control field 01190pam a2200349 a 4500
001 - CONTROL NUMBER
control field 5978
003 - CONTROL NUMBER IDENTIFIER
control field FISKH
005 - DATE AND TIME OF LATEST TRANSACTION
control field 20250218091837.0
008 - FIXED-LENGTH DATA ELEMENTS--GENERAL INFORMATION
fixed length control field 970204s1997 mnua c 000 1 eng
010 ## - LIBRARY OF CONGRESS CONTROL NUMBER
LC control number 97004649
020 ## - INTERNATIONAL STANDARD BOOK NUMBER
International Standard Book Number 1556617178 (pbk.)
020 ## - INTERNATIONAL STANDARD BOOK NUMBER
International Standard Book Number 9781556617171
040 ## - CATALOGING SOURCE
Original cataloging agency DLC
Transcribing agency DLC
Modifying agency DLC
Language of cataloging eng
050 ## - LIBRARY OF CONGRESS CALL NUMBER
Classification number PZ7.R2727 P
082 ## - DEWEY DECIMAL CLASSIFICATION NUMBER
Classification number 314
100 1# - MAIN ENTRY--PERSONAL NAME
Personal name Reid, Mary
Dates associated with a name (1807-1877)
245 10 - TITLE STATEMENT
Title Phantom gardener /
Statement of responsibility, etc. by Mary Carpenter Reid.
250 ## - EDITION STATEMENT
Edition statement This edition first published in 1997
260 ## - PUBLICATION, DISTRIBUTION, ETC.
Place of publication, distribution, etc. Minneapolis :
Name of publisher, distributor, etc. Bethany,
Date of publication, distribution, etc. 1997.
300 ## - PHYSICAL DESCRIPTION
Extent 80 pages :
Other physical details illustrations ;
Dimensions 19 cm.
490 1# - SERIES STATEMENT
Series statement A Backpack mystery ;
Volume/sequential designation 3
505 ## - FORMATTED CONTENTS NOTE
Formatted contents note L<br/>
520 ## - SUMMARY, ETC.
Summary, etc. Steff and her younger sister Paulie are staying at a retirement community with their grandmother, an avid gardener, when they hear stories about a phantom gardener who works at night and a thief who is stealing plants.
521 8# - TARGET AUDIENCE NOTE
Target audience note 510<br/>
Source Lexile<br/>
521 8# - TARGET AUDIENCE NOTE
Target audience note L<br/>
Source Raz-Plus<br/>
650 #1 - SUBJECT ADDED ENTRY--TOPICAL TERM
Topical term or geographic name entry element Gardening
General subdivision Fiction.
650 #1 - SUBJECT ADDED ENTRY--TOPICAL TERM
Topical term or geographic name entry element Grandmothers
General subdivision Fiction.
800 1# - SERIES ADDED ENTRY--PERSONAL NAME
Personal name Reid, Mary.
Title of a work Backpack mystery ;
Volume/sequential designation 3.
906 ## - LOCAL DATA ELEMENT F, LDF (RLIN)
a 7
b cbc
c orignew
d 1
e ocip
f 19
g y-gencatlg
942 ## - ADDED ENTRY ELEMENTS (KOHA)
Source of classification or shelving scheme Dewey Decimal Classification
Koha item type Books
Suppress in OPAC No
Holdings
Withdrawn status Lost status Source of classification or shelving scheme Damaged status Not for loan Collection Home library Current library Shelving location Date acquired Total Checkouts Full call number Barcode Date last seen Copy number Price effective from Koha item type
    Dewey Decimal Classification     Juvenile Fiction Footprints International School Library Network Toul Kork Campus Footprints International School Library Network Toul Kork Campus TTP Primary Yellow Bookshelves 02/18/2025   REI 314 PZ7.R2727 P 2025-0587 02/18/2025 1 02/18/2025 Books